Statistics for Countries And Capitals That Contain One Syllable

Click here to take the quiz!

General Stats

  • This quiz has been taken 119 times
  • The average score is 6 of 10

Answer Stats

Answer% Correct
Chad
80%
France
74%
Rome
74%
Spain
73%
Laos
69%
Bern
64%
Greece
58%
Prague
51%
Seoul
42%
Minsk
38%

Score Distribution

Percentile by Number Answered

Percent of People with Each Score

Your Score History

You have not taken this quiz